=LDR 00000nam 2200000 4500 =001 INLIS000000000049467 =005 20170222075929.0 =006 =007 =008 =020 ##$$a 978-602-7686-49-7 =035 ##$$0010-021700000000259 =040 ##$$a NBPDMAT =082 ##$$a 899.221 308 1 =090 ##$$a 899.221 308 1 $bAli t =100 ##$$a Alimuddin Mesir =245 ##$$a Tragedi dusun aik prapa $c / H. Alimuddin Mesir, M.Pd.; Editor, Drs. H. M. Qiyamuddin Saman, MM =250 ##$$a Cetakan Revisi =260 ##$$a Selong $b KSU Primaguna $c 2015 =300 ##$$a iii, 70 hlm. ; $c 21 cm =650 ##$$a Fiksi Sejaran =700 ##$$a Drs. H.M. Qiyamuddin Saman, MM =850 ##$$a NBPDMAT =990 ##$$a 21603875 =990 ##$$a 21603876 =990 ##$$a 21603877 =990 ##$$a 21603878 =990 ##$$a 21603879